[Event "Top 12 FRA-chT 2017"]
[Site "Chartres"]
[Date "2017.05.27"]
[Round "10"]
[White "Malakhov, Vladimir"]
[Black "Laznicka, Viktor"]
[Result "1/2-1/2"]
[WhiteElo "2712"]
[BlackElo "2672"]
[Annotator "TA"]
[PlyCount "100"]
[EventDate "2017.??.??"]
[EventType "team-tourn"]
[EventCountry "FRA"]
[SourceTitle "playchess.com"]
[Source "ChessBase"]
[SourceQuality "1"]
[WhiteTeam "Tremblay-En-France"]
[BlackTeam "Bois-Colombes"]

{[%evp 16,100,29,14,29,23,19,22,45,11,2,0,0,6,3,-11,10,8,8,14,14,14,13,12,11,13,17,0,0,0,0,0,0,0,0,0,0,0,0,0,0,0,0,0,1,0,0,0,0,-5,0,0,0,-7,0,0,0,-5,0,0,4,0,0,0,0,0,0,0,0,-6,-1,0,0,0,0,0,-5,-25,-24,-57,-11,-49,-4,-3,-8,-8,-8]} 1. Nf3 d5 2. g3 Bg4 3. Bg2 Nd7 4. O-O e6 5. h3 Bh5 (5... Bxf3 6. Bxf3 g6 7. e4 dxe4 8. Bxe4 c6 9. d4 Bg7 10. c3 Ne7 11. Qb3 Nf6 12. Bg2 {1-0 (64) Ganguly,S (2653)-Kasimdzhanov,R (2698) Chengdu 2017}) 6. d4 {A07: Réti Opening: New York and Capablanca Systems} Ngf6 7. c4 c6 8. cxd5 cxd5 9. Nc3 {LiveBook: 4 Games} Be7 10. Qb3 Bxf3 11. Bxf3 Qb6 12. Qxb6 $146 ({Predecessor:} 12. e4 dxe4 13. Nxe4 Nd5 {1-0 (73) Lorparizangeneh,S (2478)-Svetushkin,D (2543) Baku 2016}) 12... Nxb6 13. b3 Kd7 14. Bb2 Rhc8 15. Rfc1 Rc6 16. e3 Rac8 17. Be2 {[%cal Bf3e2,Be2d3,Bd3e4][%mdl 32]} a6 18. Bd3 Bb4 {[%cal Rb4c3]} 19. Ne2 Nc4 20. bxc4 dxc4 21. d5 Nxd5 22. Be4 c3 23. Rc2 cxb2 24. Rxb2 {[#] Bxd5 is the strong threat.} Rc4 25. Bxd5 exd5 26. a3 Bd6 27. Rxb7+ R8c7 28. Rb6 Ra4 29. Rb3 Ra5 30. Ra2 Rc4 31. Nd4 Be5 32. Rb7+ Rc7 33. Rb4 g6 34. Kf1 Rc4 {[#] aiming for ...Rxb4.} (34... Bxd4 $5 35. Rxd4 Ke6 $11) 35. Rb7+ Rc7 36. Rb4 Rc3 (36... Bxd4 $5 37. Rxd4 Rc3 $11) 37. Rb7+ Ke8 38. Nf3 Bf6 39. Rb8+ Ke7 40. Rb7+ Kf8 41. Rb6 Kg7 42. a4 Rc4 43. Rd6 Rcxa4 44. Rxa4 Rxa4 45. Rxd5 $11 {[%mdl 4096] Endgame KRB-KRN} a5 {[%cal Ba6a5,Ba5a4,Ba4a3][%mdl 32]} 46. Nd4 Ra2 47. Rd7 a4 (47... Bxd4 $5 48. exd4 Kf6 $15) 48. Ra7 {Black must now prevent Ne6+.} a3 (48... Bxd4 $5 49. exd4 Kf6 $15) 49. Ne6+ Kh6 50. Nd4 Bxd4 {Precision: White = 66%, Black = 69%.} 1/2-1/2

[Event "Top 12 FRA-chT 2017"]
[Site "Chartres"]
[Date "2017.05.27"]
[Round "10"]
[White "Bacrot, Etienne"]
[Black "Palac, Mladen"]
[Result "1-0"]
[WhiteElo "2696"]
[BlackElo "2573"]
[Annotator "TA"]
[PlyCount "67"]
[EventDate "2017.??.??"]
[EventType "team-tourn"]
[EventCountry "FRA"]
[SourceTitle "playchess.com"]
[Source "ChessBase"]
[SourceQuality "1"]
[WhiteTeam "Bischwiller"]
[BlackTeam "Nice Alekhine"]

{[%evp 14,67,4,2,4,7,5,-15,10,0,0,-17,0,-13,37,14,41,45,47,40,45,38,45,39,42,43,43,41,35,50,49,50,48,44,43,38,46,46,93,92,97,93,309,337,309,315,273,148,423,416,1422,1409,1364,1394,1651,1635]} 1. Nf3 d5 2. g3 g6 3. Bg2 Bg7 4. d4 Nf6 5. O-O O-O 6. Nbd2 Na6 7. b3 c5 8. Bb2 {LiveBook: 5 Games} b6 {D02: 1 d4 d5 2 Nf3 sidelines, including 2...Nf6 3 g3 and 2...Nf6 3 Bf4} 9. e3 Bb7 10. c4 dxc4 $146 {The position is equal.} ({Predecessor:} 10... e6 11. a3 Rc8 12. Rc1 Qe7 13. Rc2 dxc4 14. bxc4 Rfd8 15. Qe2 Ne4 16. Nb3 {½-½ (71) Granda Zuniga,J (2641)-Narciso Dublan,M (2551) Navalmoral 2012}) 11. bxc4 e6 12. Qb3 (12. Ne5 $5 {[%cal Rg2b7]} Qc7 13. Bc3 $11) 12... Qc7 13. Rfd1 Nd7 14. Rac1 Rfe8 15. Nb1 {[%cal Bd2b1,Bb1a3,Ba3b5][%mdl 32]} cxd4 16. exd4 Rad8 17. Na3 Qb8 18. Nb5 e5 19. Nxe5 Nxe5 20. Bxb7 Qxb7 21. dxe5 {[#] aiming for Nd6.} Rxd1+ 22. Rxd1 {Nd6 is the strong threat.} Bxe5 23. Re1 Qb8 $1 24. Qe3 {[%cal Rb2e5]} f6 25. Bc3 {And now f4 would win.} Kf8 26. Rd1 $36 {[%mdl 2048] White is on the roll.} Re7 27. Bxe5 fxe5 $2 (27... Qxe5 $16 {might work better.} 28. Qh6+ Kg8) 28. Qg5 $18 Qe8 29. Nd6 {Intending Qf6+ and mate.} Qd7 {[#]} 30. Rd5 (30. Rd2 $1 $18 Qe6 31. Ne4) 30... Qe6 $2 {[%mdl 8192]} (30... Nc7 $16 31. Qf6+ Kg8) 31. Ne4 Kg7 (31... Nc5 $142) 32. Rd6 {White is clearly winning.} Qf7 33. Rf6 Qxc4 34. Nd6 {Precision: White = 66%, Black = 47%.} 1-0

[Event "Top 12 FRA-chT 2017"]
[Site "Chartres"]
[Date "2017.05.27"]
[Round "10"]
[White "Duda, Jan-Krzysztof"]
[Black "Jobava, Baadur"]
[Result "1-0"]
[WhiteElo "2693"]
[BlackElo "2713"]
[Annotator "TA"]
[PlyCount "103"]
[EventDate "2017.??.??"]
[EventType "team-tourn"]
[EventCountry "FRA"]
[SourceTitle "playchess.com"]
[Source "ChessBase"]
[SourceQuality "1"]
[WhiteTeam "Bois-Colombes"]
[BlackTeam "Tremblay-En-France"]

{[%evp 16,103,44,43,50,22,58,59,57,45,51,41,47,40,50,25,81,74,75,75,77,74,84,81,89,74,83,64,80,79,85,79,79,80,85,81,91,89,106,104,87,106,101,0,57,54,87,79,77,75,185,187,175,182,259,258,285,271,270,276,380,378,542,531,494,550,567,567,567,556,700,520,520,493,472,238,934,915,4145,4145,5008,5008,5008,4141,4693,4145,4141,4141,4137,4133]} 1. e4 c6 2. d4 d5 3. Nc3 g6 4. e5 Bg7 5. f4 h5 6. Nf3 Nh6 7. Be3 Qb6 8. Rb1 {B15: Caro-Kann: 3 Nc3: 3...g6 and 3...dxe4 4 Nxe4 Nf6 5 Nxf6+ exf6} Bg4 9. Be2 {LiveBook: 3 Games} Nd7 10. O-O {White is slightly better.} Nf8 $146 ({Predecessor:} 10... Nf5 11. Bf2 Bh6 12. Qd2 Nf8 13. h3 Bxf3 14. Bxf3 Ne6 15. Ne2 h4 {1-0 (40) Van Haastert,E (2413)-Burg,T (2449) Netherlands 2010}) 11. Na4 Qc7 12. Nc5 Nf5 13. Bf2 Bh6 14. Nh4 Bxf4 {...Ne3 is the strong threat.} 15. Bxg4 Ne3 (15... hxg4 $11 {remains equal.} 16. Qxg4 Nxh4 17. Bxh4 (17. Qxf4 Nf5 $14) 17... Be3+ 18. Kh1 Rh7) 16. Qf3 $16 Bxh2+ 17. Kxh2 Nxf1+ 18. Rxf1 hxg4 19. Qxg4 b6 20. Nd3 Qd7 21. Qxd7+ Kxd7 22. Kg1 Ne6 23. g3 Rh7 24. Nf3 g5 25. Be3 Rg8 26. Kg2 f5 {[#]} 27. exf6 $1 exf6 28. Nh2 {Threatens to win with Ng4.} Rf8 29. Nf3 (29. Ng4 $16 f5 30. Nge5+ Kd6 31. b4) 29... Re8 (29... Rg8 $11) 30. Nf2 $14 Nc7 31. Ng4 Re6 32. Bxg5 Re2+ (32... fxg5 $16 33. Nge5+ (33. Nxg5 Re2+ 34. Kf3 Rhe7 $15) 33... Ke7) 33. Rf2 $18 Rxf2+ 34. Kxf2 Rh1 (34... Ke6 $142 35. Nxf6 (35. Bxf6 Kf5 $16) 35... Rh1) 35. Bxf6 ({But not} 35. Nxf6+ $6 Ke6 $18) 35... Rb1 36. Nfe5+ Ke6 {[#]} 37. Nd3 $1 Na6 {If Black can now play ...Kf5 this consolidates a bit.} 38. Be5 Nb4 (38... Kd7 $142 39. Nf6+ Ke6) 39. Nxb4 Rxb2 40. a3 {[%cal Ba2a3,Ba3a4][%mdl 32]} a5 41. Nd3 Rxc2+ 42. Ke3 Rc3 43. a4 Ra3 44. Bc7 c5 45. Bxb6 (45. Kd2 $142) 45... cxd4+ $2 (45... c4 46. Ngf2 (46. Bxa5 Rxd3+ 47. Ke2 Ra3 $14) 46... cxd3 47. Nxd3 Kf5 48. Bxa5 Rxa4) 46. Ke2 {White is clearly winning.} Ra2+ 47. Kf3 Kf5 48. Bxa5 Rxa4 49. Bd2 Ra2 50. Bf4 Ra3 51. Ngf2 Rb3 52. g4+ {Precision: White = 78%, Black = 28%.} 1-0

[Event "Top 12 FRA-chT 2017"]
[Site "Chartres"]
[Date "2017.05.27"]
[Round "10"]
[White "Areshchenko, Alexander"]
[Black "Baklan, Vladimir"]
[Result "1/2-1/2"]
[WhiteElo "2677"]
[BlackElo "2594"]
[Annotator "TA"]
[PlyCount "43"]
[EventDate "2017.??.??"]
[EventType "team-tourn"]
[EventCountry "FRA"]
[SourceTitle "playchess.com"]
[Source "ChessBase"]
[SourceQuality "1"]
[WhiteTeam "Grasse Echecs"]
[BlackTeam "Strasbourg"]

{[%evp 22,43,38,32,27,33,33,33,37,35,31,24,35,26,30,11,10,22,11,13,10,6,30,0]} 1. e4 d6 2. d4 Nf6 3. Nc3 e5 4. Nf3 Nbd7 5. Bc4 Be7 6. a4 O-O 7. O-O c6 8. Re1 Qc7 9. h3 h6 10. Ba2 {C41: Philidor Defence} Re8 11. Be3 Nf8 12. Qd3 {LiveBook: 5 Games. White is slightly better.} Be6 13. d5 cxd5 14. Nxd5 Bxd5 15. Bxd5 Nxd5 16. Qxd5 Qc6 {[#]} 17. c4 $146 ({Predecessor:} 17. Qd3 Rec8 18. Rec1 Nd7 {½-½ (52) Orlov,A (2525)-Kunin,V (2549) Netherlands 2011}) 17... Rec8 18. Rec1 Nd7 19. Nd2 Bg5 20. Bxg5 hxg5 21. Qd3 a5 22. Qg3 1/2-1/2

[Event "Top 12 FRA-chT 2017"]
[Site "Chartres"]
[Date "2017.05.27"]
[Round "10"]
[White "Fressinet, Laurent"]
[Black "Touzane, Olivier"]
[Result "1-0"]
[WhiteElo "2668"]
[BlackElo "2277"]
[Annotator "TA"]
[PlyCount "97"]
[EventDate "2017.??.??"]
[EventType "team-tourn"]
[EventCountry "FRA"]
[SourceTitle "playchess.com"]
[Source "ChessBase"]
[SourceQuality "1"]
[WhiteTeam "Clichy"]
[BlackTeam "Montpellier"]

{[%evp 13,97,48,54,50,61,61,70,52,66,48,35,35,51,45,50,42,64,7,33,25,54,18,19,20,22,17,14,21,24,30,27,35,38,36,20,43,34,4,3,5,6,9,64,64,56,46,53,15,19,21,125,112,119,122,203,196,197,183,208,203,208,188,200,200,272,271,240,173,384,375,464,452,836,817,620,1147,1016,1122,1054,1062,1004,962,1077,1057,881,833]} 1. e4 {[%cal Be2e4,Be4e5][%mdl 32]} e6 2. d4 d5 3. Nd2 h6 (3... c5 4. exd5 Qxd5 5. dxc5 Bxc5 6. Ngf3 Nf6 7. Bc4 Qc6 8. O-O Nbd7 9. Qe2 a6 10. a4 b6 11. Nb3 Bb7 12. Nxc5 Nxc5 13. b4 Ncd7 14. Rd1 O-O 15. b5 {½-½ (31) Zherebukh,Y (2605)-So,W (2822) Saint Louis 2017}) 4. Ngf3 Nf6 5. e5 Nfd7 6. c4 {C03: French Tarrasch: Unusual Black 3rd moves} dxc4 7. Bxc4 Nb6 {LiveBook: 6 Games} 8. Bd3 {White is slightly better.} c5 9. Ne4 $146 ({Predecessor:} 9. O-O Nc6 10. Be4 Nxd4 11. Nxd4 Qxd4 {½-½ (68) Sutovsky,E (2663)-Hambleton,A (2481) Caleta 2014}) 9... cxd4 10. Nxd4 Bb4+ 11. Nc3 Bc5 12. Nf3 Bd7 13. O-O Bc6 14. Qe2 N8d7 15. Be4 (15. Rd1 $14) 15... Rc8 16. Rd1 Qc7 17. Bf4 Bxe4 18. Nxe4 Be7 ({Don't take} 18... Nd5 $2 {[#]} 19. Rxd5 $1 {[%mdl 512]} exd5 20. e6 $1 $18 {[%mdl 512]}) 19. Nd4 {Strongly threatening Nb5.} O-O $1 20. Qg4 {Threatens to win with Rac1.} Kh7 21. Rac1 Qd8 22. Nc3 Bg5 23. Bxg5 Qxg5 24. Qe4+ $40 {[%mdl 128] White is up to no good.} Qg6 25. f4 Qxe4 26. Nxe4 Nd5 27. g3 g5 (27... Rxc1 $1 $11 28. Rxc1 g5) 28. Rxc8 $14 ({Of course not} 28. fxg5 $6 Nxe5 29. gxh6 Kxh6 $15) 28... Rxc8 29. Nd6 ({Don't play} 29. fxg5 $6 Nxe5 30. gxh6 Kxh6 $15) 29... Rf8 30. Ne2 gxf4 31. gxf4 f5 (31... Nc5 $11) 32. Kf2 $16 Nc5 33. Kf3 Rg8 {[#]} (33... a5 $16 34. Nd4 Nc7) 34. Nxf5 $1 $18 {[%mdl 512]} a5 (34... exf5 35. Rxd5) 35. Nfg3 Ne7 36. Nh5 Kg6 37. Nf6 Rc8 38. Rc1 Nd3 39. Rxc8 Nxc8 {[%mdl 4096] Endgame KNN-KNN} 40. b3 b5 $2 (40... Ne7 {was worth a try.} 41. Ne4 Nf5) 41. Nd4 b4 42. Nxe6 {White is clearly winning.} Nc1 (42... Ne7 $142 43. Nd4 Nc1) 43. Nd4 Ne7 44. Ke4 (44. Ne4 $142) 44... Nxa2 45. Nd5 Nc3+ 46. Nxc3 bxc3 47. Kd3 Nd5 48. f5+ {[%cal Bf4f5,Bf5f6][%mdl 32]} Kg5 49. f6 {Precision: White = 78%, Black = 52%.} 1-0

[Event "Top 12 FRA-chT 2017"]
[Site "Chartres"]
[Date "2017.05.27"]
[Round "10"]
[White "Van Wely, Loek"]
[Black "Youssoupov, Moisse"]
[Result "1-0"]
[WhiteElo "2663"]
[BlackElo "2233"]
[Annotator "TA"]
[PlyCount "67"]
[EventDate "2017.??.??"]
[EventType "team-tourn"]
[EventCountry "FRA"]
[SourceTitle "playchess.com"]
[Source "ChessBase"]
[SourceQuality "1"]
[WhiteTeam "Clichy"]
[BlackTeam "Montpellier"]

{[%evp 21,67,43,50,27,47,46,62,33,69,63,62,0,0,0,4,0,18,-3,73,64,88,25,17,24,19,0,179,200,204,191,197,170,176,102,260,252,219,187,182,182,937,912,1272,1653,1608,1574,1488,863]} 1. d4 Nf6 2. c4 c5 3. d5 e6 4. Nc3 exd5 5. cxd5 d6 6. e4 g6 7. h3 {A65: Modern Benoni: 6 e4} Bg7 8. Nf3 a6 9. a4 Nbd7 10. Bd3 Nh5 11. g4 Nhf6 {LiveBook: 9 Games} 12. Kf1 $146 ({Predecessor:} 12. Be3 O-O 13. Nd2 Ne8 14. f4 Rb8 15. O-O Bd4 16. Bxd4 cxd4 {1-0 (46) Hertneck,G (2519)-Naiditsch,A (2678) Germany 2008}) 12... Qe7 13. Kg2 h6 14. Re1 g5 15. e5 dxe5 16. Bc4 ({White should try} 16. Bf5 $14) 16... Qd6 17. Nd2 O-O 18. Nde4 $36 {[%mdl 2048] White fights for an advantage.} Nxe4 19. Nxe4 Qb8 (19... Qg6 $1 $11 {remains equal.}) 20. Be3 $16 b6 21. Qf3 (21. h4 $16) 21... f5 $1 $11 {[%cal Rf5e4]} 22. gxf5 Nf6 $1 23. Bd3 Ra7 $2 (23... Nxd5 $11 24. Bc4 Be6 25. Nf6+ Rxf6 26. Bxd5 Bxd5 27. Qxd5+ Rf7) 24. a5 $18 {axb6 is the strong threat.} Raf7 {[#]} 25. axb6 $1 Nxe4 26. Bxe4 Qxb6 {[%cal Rc8f5]} 27. Rac1 (27. b4 $18) 27... Qxb2 $2 (27... Bxf5 $16 28. Bxc5 Bxe4 29. Qxe4 (29. Bxb6 $2 {is the wrong capture.} Bxf3+ 30. Kh2 Rb8 $19) 29... Rxf2+ 30. Bxf2 Qxf2+ 31. Kh1 Qxb2) 28. Bxc5 Rxf5 29. Bxf5 Rxf5 30. Qd3 {And now Rb1 would win.} g4 $2 (30... Qb5 31. Qxb5 axb5) 31. hxg4 {White is clearly winning.} Rf4 {[#]} 32. Rb1 $1 Rxg4+ 33. Kf1 e4 34. Rxb2 {Precision: White = 57%, Black = 36%.} 1-0

[Event "Top 12 FRA-chT 2017"]
[Site "Chartres"]
[Date "2017.05.27"]
[Round "10"]
[White "Bachmann, Axel"]
[Black "Milov, Vadim"]
[Result "1/2-1/2"]
[WhiteElo "2646"]
[BlackElo "2604"]
[Annotator "TA"]
[PlyCount "37"]
[EventDate "2017.??.??"]
[EventType "team-tourn"]
[EventCountry "FRA"]
[SourceTitle "playchess.com"]
[Source "ChessBase"]
[SourceQuality "1"]
[WhiteTeam "Bois-Colombes"]
[BlackTeam "Tremblay-En-France"]

{[%evp 17,37,16,25,6,14,-1,0,0,0,0,0,0,0,0,0,0,31,0,25,0,59,-15]} 1. d4 d5 2. Bf4 Nf6 3. e3 e6 4. Nf3 c5 5. Nbd2 Nc6 6. c3 Bd6 7. Bg3 Bxg3 8. hxg3 Qd6 9. Bb5 Bd7 {LiveBook: 34 Games. D02: 1 d4 d5 2 Nf3 sidelines, including 2...Nf6 3 g3 and 2...Nf6 3 Bf4} 10. a4 (10. Bxc6 $5 Bxc6 11. Ne5 $11) (10. Bxc6 Bxc6 11. Ne5 Qc7 12. Qf3 h6 13. Qf4 Qe7 14. g4 Nh7 15. Qg3 Rg8 16. O-O Nf6 17. Rac1 {1-0 (29) Carlsen,M (2857)-Ghaem Maghami,E (2566) Baku 2016}) 10... h6 $146 ({Predecessor:} 10... Ng4 11. Rh4 h5 12. a5 g6 13. Nb3 cxd4 14. exd4 O-O 15. Nc5 Bc8 16. Bxc6 bxc6 17. Rxg4 hxg4 {½-½ (46) Mikhalchenko,P (2410)-Baboyan,E (2141) Kemerovo 2010}) 11. Qe2 (11. Bxc6 $5 Bxc6 12. Ne5 $11) 11... a6 {The position is equal.} 12. Bxc6 Bxc6 13. Ne5 Nd7 14. f4 {[%cal Bf2f4,Bf4e5][%mdl 32]} Nxe5 15. fxe5 Qe7 16. Qg4 f5 17. Qh5+ (17. exf6 $5 gxf6 18. Nb3 $11) 17... Kd8 18. a5 c4 ({Black should play} 18... Be8 $11 19. Qd1 c4) 19. Kf2 (19. g4 $14) 1/2-1/2

[Event "Top 12 FRA-chT 2017"]
[Site "Chartres"]
[Date "2017.05.27"]
[Round "10"]
[White "Edouard, Romain"]
[Black "Li, Chao b"]
[Result "1/2-1/2"]
[WhiteElo "2640"]
[BlackElo "2722"]
[Annotator "TA"]
[PlyCount "32"]
[EventDate "2017.??.??"]
[EventType "team-tourn"]
[EventCountry "FRA"]
[SourceTitle "playchess.com"]
[Source "ChessBase"]
[SourceQuality "1"]
[WhiteTeam "Bischwiller"]
[BlackTeam "Nice Alekhine"]

{[%evp 16,17,22,21]} 1. e4 e5 2. Nf3 Nf6 3. Nxe5 d6 4. Nf3 Nxe4 5. Nc3 Nxc3 6. dxc3 Be7 7. Be3 Nc6 8. Qd2 Be6 9. O-O-O {LiveBook: 283 Games. C42: Petroff Defence: 3 Nxe5 and unusual White 3rd moves} {Predecessor:} Qd7 $146 10. b3 O-O-O 11. Nd4 a6 12. Nxe6 fxe6 13. g3 d5 14. Bh3 Kb8 15. Rhe1 Rhe8 16. f4 Bf6 {½-½ (34) Vachier Lagrave,M (2804)-Caruana,F (2823) London 2016} 1/2-1/2

[Event "Top 12 FRA-chT 2017"]
[Site "Chartres"]
[Date "2017.05.27"]
[Round "10"]
[White "Gajewski, Grzegorz"]
[Black "Coursaget, Nicolas"]
[Result "1-0"]
[WhiteElo "2634"]
[BlackElo "2311"]
[Annotator "TA"]
[PlyCount "95"]
[EventDate "2017.??.??"]
[EventType "team-tourn"]
[EventCountry "FRA"]
[SourceTitle "playchess.com"]
[Source "ChessBase"]
[SourceQuality "1"]
[WhiteTeam "Mulhouse Philidor"]
[BlackTeam "Lisieux"]

{[%evp 22,95,47,47,43,46,61,47,52,51,55,61,51,60,57,46,52,53,67,67,74,66,77,64,114,77,109,91,93,81,81,43,112,74,68,75,87,94,72,81,102,25,43,54,69,0,0,0,0,-11,0,0,0,0,35,21,130,24,934,934,934,934,939,869,890,860,1191,1202,1202,1187,29972,29973,29963,29963,29996,29997]} 1. Nf3 Nf6 2. g3 g6 3. c4 c5 4. Nc3 Nc6 5. Bg2 Bg7 6. d4 cxd4 7. Nxd4 Nxd4 8. Qxd4 O-O 9. O-O d6 10. Qd3 Be6 11. Bd2 Qd7 {A39: Symmetrical English vs ...g6: 4 Bg2 Bg7 5 Nf3 Nf6 6 0-0 0-0 7 d4} (11... Qc8 12. b3 Bh3 13. Rac1 Bxg2 14. Kxg2 Qc6+ 15. f3 e6 16. Rfd1 Rad8 17. Bf4 Rd7 18. Qe3 b6 19. Rd3 Rc8 {½-½ (51) Svidler,P (2758)-Kramnik,V (2787) Khanty-Mansiysk 2014}) 12. Rfd1 {LiveBook: 4 Games} Rfc8 13. b3 $1 Bh3 $146 {White is slightly better.} ({Predecessor:} 13... Rab8 14. Be3 b6 15. Rac1 a6 16. a4 Ng4 17. Bf4 Ne5 18. Qd2 Nc6 19. Be3 {1-0 (44) Danielsen,H (2501)-Hauge,L (2308) Reykjavik 2014}) 14. Bh1 Ng4 15. Rac1 Rc5 16. Nd5 Ne5 17. Qe3 Re8 18. Bc3 {[%cal Bd2c3,Bc3d4,Bd4b2][%mdl 32]} b6 19. Bd4 Rcc8 20. Qc3 {Strongly threatening f4.} f6 21. Qd2 Be6 22. a4 (22. f4 $5 {[%cal Rf4e5]} Nc6 23. Bc3 $16) 22... Bf7 23. Bb2 h5 24. Bg2 Kh7 25. Qc2 Nc6 26. Nf4 Kh6 (26... e5 $1 $14) 27. Be4 f5 28. Bd5 e5 29. Bxf7 Qxf7 30. Nh3 Bf8 31. e4 (31. Qd2+ $16 Kg7 32. Ng5) 31... Be7 32. f4 fxe4 33. Rf1 ({Better is} 33. Qxe4 $14 Qf5 34. Qxf5 gxf5 35. Bc3) 33... Qf5 $11 34. Qg2 {With the idea fxe5.} Nd4 35. Kh1 $1 Nf3 36. Rcd1 exf4 37. Nxf4 Rc5 38. Qe2 g5 (38... Kh7 $11) 39. Nd5 ({White should play} 39. b4 $1 $16 {[%cal Rb4c5]} gxf4 40. bxc5 dxc5 41. Bc1) 39... Rcc8 $2 {[%mdl 8192]} (39... Bf8 $11) 40. Nxe7 $18 Rxe7 41. Rxd6+ Kh7 {[#]} 42. Rf6 $1 {[%cal Rf6f5]} Qc5 43. Qc2 g4 {[#]} 44. R1xf3 $1 gxf3 45. Qd2 {Qh6+ would kill now.} e3 46. Qd3+ {White mates.} Kg8 47. Rh6 Rcc7 48. Qd8+ {Precision: White = 70%, Black = 37%.} 1-0

[Event "Top 12 FRA-chT 2017"]
[Site "Chartres"]
[Date "2017.05.27"]
[Round "10"]
[White "Gharamian, Tigran"]
[Black "Rodshtein, Maxim"]
[Result "0-1"]
[WhiteElo "2626"]
[BlackElo "2698"]
[Annotator "TA"]
[PlyCount "80"]
[EventDate "2017.??.??"]
[EventType "team-tourn"]
[EventCountry "FRA"]
[SourceTitle "playchess.com"]
[Source "ChessBase"]
[SourceQuality "1"]
[WhiteTeam "Nice Alekhine"]
[BlackTeam "Bischwiller"]

{[%evp 15,80,4,20,1,12,8,0,0,10,16,12,11,7,-14,-24,-19,-28,-72,-67,-60,-72,-77,0,-68,-38,-74,-57,-64,-67,-68,-85,-61,-85,-79,0,0,0,0,29,4,27,0,0,-218,-213,-281,-293,-276,-282,-293,-282,-291,-293,-530,-529,-514,-522,-533,-518,-517,-528,-507,-505,-589,-573,-740,-735]} 1. e4 c5 2. Nf3 d6 3. d4 cxd4 4. Nxd4 Nf6 5. Nc3 a6 6. h3 e5 7. Nb3 Be6 {B90: Sicilian Najdorf: Unusual White 6th moves, 6 Be3 Ng4 and 6 Be3 e5} 8. f4 g6 {LiveBook: 6 Games} (8... Nbd7 9. g4 Rc8 10. f5 Bxb3 11. axb3 d5 12. exd5 Bb4 13. Bg2 Qb6 14. Bd2 e4 15. Qe2 {1-0 (33) Anand,V (2779)-Vachier Lagrave,M (2804) London 2016}) 9. Be2 Nbd7 {The position is equal.} 10. O-O Rc8 11. f5 gxf5 12. exf5 Bc4 13. Bxc4 Rxc4 {[#]} 14. Qd3 $146 (14. Qe2 $5 {[%cal Re2c4]} Qc8 15. Be3 $11) ({Predecessor:} 14. Nd2 Rc6 15. Nde4 Nxe4 16. Nxe4 {0-1 (62) Sadzikowski,D (2551)-Cheparinov,I (2688) Izmir 2016}) 14... Qc7 15. Be3 Rg8 16. Rf2 Rh4 {aiming for ...Rxh3.} 17. Kf1 Qc6 18. Na5 Qc7 19. Nb3 b5 20. a3 Qc6 21. Rd1 Rg3 {...Rf4! is the strong threat.} 22. Ne2 {[#]} Rhxh3 $1 {[%mdl 512]} 23. Nxg3 (23. gxh3 Qh1+) 23... Rxg3 24. Qe2 Qc4 (24... Ng4 $17 25. Rf3 Rxf3+ 26. gxf3 Nxe3+ 27. Qxe3 Qxc2) 25. Nd2 $11 Qxc2 {And now ...Rxe3! would win.} 26. Nf3 $1 Qe4 (26... Qxf5 $6 27. Nxe5 $1 {[%mdl 512]} Qh5 28. Qxh5 $16) 27. Rc1 Be7 ({Don't capture} 27... Qxf5 $2 28. Nh4 $18) 28. Kg1 Bd8 $36 {[%mdl 2048] Hoping for ...Ng4. Black has the initiative.} ({But not} 28... Qxf5 $2 29. Nd4 $18) 29. Rc8 $2 {[#]} (29. Bg5 $11 {and White is okay.}) 29... Qb7 $1 $19 {[%cal Rb7c8]} 30. Qc2 Ng4 {[%cal Bf6g4,Bg4f2,Bf2e4,Be4g3][%mdl 32]} 31. Bg5 {[%csl Gg5][%cal Rc8d8]} f6 32. Bh4 Nxf2 33. Bxg3 Ne4 34. Qc6 $2 (34. Kh2) 34... Qxc6 {Black is clearly winning.} 35. Rxc6 Nxg3 36. Rxd6 Bb6+ 37. Kh2 Nxf5 38. Rc6 Ke7 39. Rc8 e4 {[%cal Be5e4,Be4e3][%mdl 32]} 40. Nd2 e3 {Precision: White = 43%, Black = 79%.} 0-1